000 00690nam a2200241Ia 4500
003 OSt
005 20220928114812.0
006 a|||||r|||| 00| 0
007 ta
008 220927b |||||||| |||| 00| 0 eng d
024 _a65529
037 _cTextual
040 _aSDCL
_cSDCL
_beng
041 _2eng
_aeng
082 _aWx, P2
100 _aSimons Jon Ed.
_9440859
245 0 _aFrom Kant to Levi-Strauss
_bThe background to contemporary critical theory.
260 _aEdinburgh
_bEdinburgh University Press
_c2002
300 _ax,256p.
_ccm.
650 _aPolitical Thought
_9440860
942 _hWx, P2
_cTEXL
_2CC
999 _c756377
_d756377